00000000nam 2200000zi 4500
0019.925055
003CaOODSP
00520250124160714
006m     o  d f      
007cr cn|||||||||
008230714t20252025onca    o    f000 0 eng d
020 |a9780660494951
040 |aCaOODSP|beng|erda|cCaOODSP
043 |an-cn---
0861 |aT52-4/250-2023E-PDF
24500|aAviation Occupational Health and Safety : |bright to refuse dangerous work on-board aircraft while in operation.
24610|aRight to refuse dangerous work on-board aircraft while in operation
264 1|a[Ottawa] : |bTransport Canada = Transports Canada, |c2025.
264 4|c©2025
300 |a1 online resource (2 unnumbered pages) : |billustrations
336 |atext|btxt|2rdacontent
337 |acomputer|bc|2rdamedia
338 |aonline resource|bcr|2rdacarrier
500 |a"(01/2025)."
500 |aCaption title.
500 |aIssued also in French under title: Santé et sécurité au travail en aviation : le droit de refuser un travail dangereux à bord d'un aéronef en service.
520 |a"Employees who are subject to the Canada Labour Code, Part II can refuse dangerous work on-board aircraft while in operation. An employee can't refuse to work if: refusal would endanger the life, health or safety of another person directly, or the danger is common in the employee's work or is a normal condition of employment"--Page [1].
650 0|aAircraft industry|zCanada|xEmployees|xLegal status, laws, etc.
650 0|aAircraft industry|xHealth aspects|zCanada.
650 0|aAircraft industry|xSafety regulations|zCanada.
7101 |aCanada. |bTransport Canada, |eissuing body.
77508|tSanté et sécurité au travail en aviation : |w(CaOODSP)9.925056
85640|qPDF|s753 KB|uhttps://publications.gc.ca/collections/collection_2025/tc/T52-4-250-2023-eng.pdf
8564 |qHTML|sN/A|uhttps://tc.canada.ca/en/aviation/publications/right-refuse-dangerous-work-board-aircraft-while-operation-tp-13537
986 |a13537E